LEADER 01003cam2 22002531 450 001 SOBE00041214 005 20140311120630.0 100 $a20140311d1896 |||||ita|0103 ba 101 $aita$alat 102 $aIT 200 1 $a<<2: >>Libro 1. e 2.$f[Titus Lucretius Carus] 210 $aTorino$cLoescher$d1896 215 $aXI, 297 p.$d21 cm 461 1$1001SOBE00041208$12001 $aT. Lucreti Cari De rerum natura libri sex / revisione del testo, commento e studi introduttivi di Carlo Giussani$v2 700 1$aLucretius Carus$b, Titus$3SOBA00002459$4070$071848 801 0$aIT$bUNISOB$c20140311$gRICA 850 $aUNISOB 852 $aUNISOB$jFondo|Cosenza$m161925. 912 $aSOBE00041214 940 $aM 102 Monografia moderna SBN 941 $aM 957 $aFondo|Cosenza$b001126$i-2$fRilegato con: Fondo Cosenza / 1126,3 e Fondo Cosenza / 1126,4$gSI$d161925.$hCosenza$rdono$tO$1menle$2UNISOB$3UNISOB$420140311115231.0$520140311115840.0$6menle 996 $aLibro 1. e 2$91712319 997 $aUNISOB